UM Logo

Modern business analytics : (Record no. 17525)

MARC details
000 -LEADER
fixed length control field 00742nam a2200181 4500
008 - FIXED-LENGTH DATA ELEMENTS--GENERAL INFORMATION
fixed length control field 221104b ||||| |||| 00| 0 eng d
020 ## - INTERNATIONAL STANDARD BOOK NUMBER
International Standard Book Number 9781266108334
082 ## - DEWEY DECIMAL CLASSIFICATION NUMBER
Edition number 2023
Classification number DC 658.4/03
Item number T12
100 ## - MAIN ENTRY--PERSONAL NAME
Personal name Taddy, Matt.
9 (RLIN) 46605
245 ## - TITLE STATEMENT
Title Modern business analytics :
Remainder of title practical data science for decision-making /
Statement of responsibility, etc. Matt Taddy, Leslie Hendrix and Matthew C. Harding.
260 ## - PUBLICATION, DISTRIBUTION, ETC. (IMPRINT)
Place of publication, distribution, etc. New York :
Name of publisher, distributor, etc. McGrawHill,
Date of publication, distribution, etc. ©2023.
300 ## - PHYSICAL DESCRIPTION
Extent xxii, 442 pages :
Other physical details illustrations ;
Dimensions 25 cm.
500 ## - GENERAL NOTE
General note Includes appendices, bibliographical references, glossary and index.<br/>
650 ## - SUBJECT ADDED ENTRY--TOPICAL TERM
Topical term or geographic name as entry element Decision making
General subdivision Econometric models.
9 (RLIN) 46606
700 ## - ADDED ENTRY--PERSONAL NAME
Personal name Hendrix, Leslie.
Relator term author.
9 (RLIN) 46607
700 ## - ADDED ENTRY--PERSONAL NAME
Personal name Harding, Matthew C.,
Relator term author.
9 (RLIN) 46608
942 ## - ADDED ENTRY ELEMENTS (KOHA)
Source of classification or shelving scheme Dewey Decimal Classification
Koha item type Circulation
Holdings
Withdrawn status Lost status Source of classification or shelving scheme Damaged status Not for loan Collection code Home library Current library Shelving location Date acquired Source of acquisition Cost, normal purchase price Total Checkouts Full call number Barcode Date last seen Date last checked out Price effective from Koha item type
    Dewey Decimal Classification     Circulation UM Digos College - LIC UM Digos College - LIC Book Cart 08/16/2022 Purchased 5725.00 2 DC 658.4/03 T12 2023 27157 05/15/2025 08/14/2023 11/04/2022 Circulation